01246nab a22002657a 4500999001500000003000400015005001700019008004100036040000700077100003800084245012500122300001500247505009900262505014200361505007200503650003500575650002800610650003300638650002900671650004300700650003400743650003500777773015500812942001300967 c5872d5872OSt20260127193632.0190514b xxu||||| |||| 00| 0 spa d cPJ 95888aDelgado Solis, Elba Érika10aCuestiones patrimoniales derivadas de la unión convivencial : bun fallo de avances y vacíos /cErika Delgado Solis. ap. 166-175 aSumario: I. Una breve introducción.— II. Análisis del caso.— III. Reflexiones finales. tFallo comentado: JFamilia Nro. 7, Mendoza, 18/03/2025. - D. B., C. E. c. G., J. A. s/ acciones patrimoniales de la unión convivencial.  tSi te interesa el texto, comunicate a koha@justierradelfuego.gov.ar 091497aCODIGO CIVIL Y COMERCIAL 09967aDERECHO DE FAMILIA 091053aUNIONES CONVIVENCIALES 091134aVIOLENCIA FAMILIAR 095328aRÉGIMEN DE COMUNIDAD DE BIENES 094044aPERSPECTIVA DE GÉNERO 091057aJURISPRUDENCIA APLICABLE0 0284493222dBuenos Aires : AbeledoPerrot, 1989-tDerecho de familia. Revista Interdisciplinaria de doctrina y jurisprudencia. Agosto 2025-IVz18511201 2udccANA